| 000 | 00681aam a2200217 4500 | ||
|---|---|---|---|
| 005 | 20161215141708.0 | ||
| 008 | 150512b xxu||||| |||| 00| 0 spa d | ||
| 041 | _aEspañol | ||
| 082 | _a374 O67ed | ||
| 100 |
_aOrganización para la cooperación y el desarrollo económico _935584 |
||
| 245 | _aEducación para adultos: mas allá de la retórica | ||
| 260 |
_aMéxico _bFondo de Cultura Económica _c2005 |
||
| 300 | _a442 páginas | ||
| 650 |
_aEDUCACIÓN DE ADULTOS _913211 |
||
| 650 |
_aREVISIÓN TEMÁTICA _935585 |
||
| 650 |
_aVALORACIÓN _926344 |
||
| 650 |
_aPOLITICAS EDUCATIVAS _935586 |
||
| 650 |
_aINCENTIVOS _99063 |
||
| 650 |
_aAPRENDIZAJE _935587 |
||
| 942 | _cBK | ||
| 999 |
_c5414 _d5414 |
||